<?xml version="1.0" encoding="UTF-8"?>
<collection xmlns="http://www.loc.gov/MARC21/slim">
 <record>
  <leader>00807pamaa2200217   4500</leader>
  <controlfield tag="001">0000042146</controlfield>
  <controlfield tag="005">20070622090000.0</controlfield>
  <controlfield tag="008">070622                             eng  </controlfield>
  <datafield tag="020" ind1="0" ind2="0">
   <subfield code="a">8175153318 (pbk.) </subfield>
  </datafield>
  <datafield tag="090" ind1="0" ind2="0">
   <subfield code="a">LB1631.5 </subfield>
   <subfield code="b">EHR 1998</subfield>
  </datafield>
  <datafield tag="100" ind1="1" ind2="0">
   <subfield code="a">EHRENHAFT </subfield>
  </datafield>
  <datafield tag="245" ind1="1" ind2="0">
   <subfield code="a">How to prepare for the SAT II : </subfield>
   <subfield code="b">writing  </subfield>
   <subfield code="c">George Ehrenhaft.</subfield>
  </datafield>
  <datafield tag="250" ind1="0" ind2="0">
   <subfield code="a">2nd ed..</subfield>
  </datafield>
  <datafield tag="260" ind1="0" ind2="0">
   <subfield code="a">Hauppauge, N.Y.: </subfield>
   <subfield code="b">Barron's, </subfield>
   <subfield code="c">1998.</subfield>
  </datafield>
  <datafield tag="300" ind1=" " ind2=" ">
   <subfield code="a">vi, 394 p.: </subfield>
   <subfield code="b">ill.; </subfield>
   <subfield code="c">28 cm.</subfield>
  </datafield>
  <datafield tag="500" ind1="0" ind2="0">
   <subfield code="a">Rev. ed. of: How to prepare for SAT II. c1994</subfield>
  </datafield>
  <datafield tag="500" ind1="0" ind2="0">
   <subfield code="a">Includes index</subfield>
  </datafield>
  <datafield tag="500" ind1="0" ind2="0">
   <subfield code="a">At head of title: Barron's</subfield>
  </datafield>
  <datafield tag="650" ind1="0" ind2="0">
   <subfield code="a">English language -- </subfield>
   <subfield code="x">Composition and exercises -- </subfield>
   <subfield code="x">Examinations -- </subfield>
   <subfield code="x">Study guides </subfield>
  </datafield>
  <datafield tag="650" ind1="0" ind2="0">
   <subfield code="a">College entrance achievement tests -- </subfield>
   <subfield code="z">United States </subfield>
  </datafield>
  <datafield tag="650" ind1="0" ind2="0">
   <subfield code="a">Report writing -- </subfield>
   <subfield code="x">Examinations -- </subfield>
   <subfield code="x">Study guides </subfield>
  </datafield>
 </record>
</collection>
